| 000 | 00720cab a2200229 4500 | ||
|---|---|---|---|
| 001 | ABS46670 | ||
| 008 | 090401t1992 xxu||||| |||| 00| 0 eng d | ||
| 035 | _a(Sirsi) u59102 | ||
| 041 | _aeng | ||
| 100 | _aHeywood, R. | ||
| 245 | _aPlanning and rail freight | ||
| 260 | _c1992 | ||
| 350 | _a0 | ||
| 490 |
_aThe Planner _v5 June 1992, 7-9(3) |
||
| 520 | _aDiscusses the prospects of road-rail integration for freight transportation and the availability of land for this purpose. References. | ||
| 650 |
_aLand use _96251 |
||
| 650 | _aRAILWAYS | ||
| 650 | _aPROPERTY-INFRASTRUCTURE-TRANSPORT INFRASTRUCTURE-ROAD INFRASTRUCTURE | ||
| 690 | _aTRANSPORT AND COMMUNICATIONS | ||
| 942 | _n0 | ||
| 948 | _c04/03/1997 | ||
| 999 |
_c36206 _d36206 |
||